| 000 | 00623cam a2200157 4500 | ||
|---|---|---|---|
| 001 | WS118019 | ||
| 008 | 020517n 000 0 eng u | ||
| 035 | _a(Sirsi) u118019 | ||
| 245 | _aBritish American Business Inc | ||
| 520 | _aWeb site for this leading transatlantic business organisation dedicated to helping its member companies build and expand their businesses. Its mission is to produce practical business benefits. | ||
| 650 | _aUSA | ||
| 650 | _aINTERNATIONAL | ||
| 690 | _aMANAGEMENT-BUSINESS MANAGEMENT | ||
| 856 | 4 | 0 |
_uhttps://www.babinc.org _zView the website free of charge at www.babinc.org... |
| 942 | _n0 | ||
| 999 |
_c120037 _d120037 |
||